| 000 | 00459nam a22001697a 4500 | ||
|---|---|---|---|
| 005 | 20251108164910.0 | ||
| 008 | 250721s1982 xx 000 0 ara d | ||
| 082 | 1 | 4 | _a811.9611/عكا |
| 245 | 1 | 0 | _aعكاظيات 1981 / |
| 264 | 1 |
_aتونس : _bوزارة الشؤون الثقافية، _c1982. |
|
| 300 | _a149ص | ||
| 650 | 1 | 7 | _aالشعر العربي |
| 650 | 1 | 7 | _aالعصر الحديث |
| 650 | 1 | 7 | _aتونس |
| 942 |
_2ddc _cBK |
||
| 999 |
_c16985 _d16985 |
||